000 00294nam a22001337a 4500
008 170921b xxu||||| |||| 00| 0 eng d
020 _a9780495571919
041 _aeng
080 _24TH
_a78
100 _a45
101 _aMUZ
245 _aMUSIC LISTENING TODAY
_cHOFFER,CH
942 _2udc
_cBK
999 _c28736
_d28736